[Event "Staufer op 34th"]
[Site "Schwaebisch Gmuend"]
[Date "2024.01.02"]
[Round "1"]
[White "Zeller, Frank"]
[Black "Schwab, Matthias"]
[Result "1-0"]
[WhiteElo "2335"]
[BlackElo "2128"]
[PlyCount "51"]
[EventDate "2024.01.02"]
[EventType "swiss"]
[EventRounds "9"]
[EventCountry "GER"]
[SourceTitle "CBM 218 Extra"]
[Source "ChessBase"]
[SourceDate "2024.03.31"]
[SourceVersion "1"]
[SourceVersionDate "2024.03.31"]
[SourceQuality "1"]

1. e4 c5 2. Nf3 d6 3. d4 cxd4 4. Nxd4 Nf6 5. Nc3 g6 6. Be3 Bg7 7. f3 0-0 8. Qd2 Nc6 9. Bc4 Nxd4 10. Bxd4 Be6 11. Bb3 Qa5 12. 0-0-0 b5 13. Kb1 b4 14. Nd5 Bxd5 15. exd5 Qb5 16. Rhe1 a5 17. Qd3 Qxd3 18. Rxd3 a4 19. Bc4 Rfc8 20. Bb5 Nh5 21. Bc6 Nf4 22. Rd2 Nxg2 23. Rxe7 Nh4 24. Bxg7 Kxg7 25. Bxa8 Rxa8 26. Rd3 1-0

[Event "Reutlingen op 22nd"]
[Site "Reutlingen"]
[Date "2017.06.05"]
[Round "7"]
[White "Schwab, Matthias"]
[Black "Lanka, Zigurds"]
[Result "0-1"]
[WhiteElo "2158"]
[BlackElo "2504"]
[PlyCount "46"]
[EventDate "2017.06.02"]
[EventType "swiss"]
[EventRounds "7"]
[EventCountry "GER"]
[SourceTitle "CBM 179 Extra"]
[Source "ChessBase"]
[SourceDate "2017.08.23"]
[SourceVersion "1"]
[SourceVersionDate "2017.08.23"]
[SourceQuality "1"]

1. d4 Nf6 2. c4 g6 3. Nc3 Bg7 4. e4 d6 5. Nf3 0-0 6. Be2 e5 7. dxe5 dxe5 8. Qxd8 Rxd8 9. Nd5 Nxd5 10. cxd5 c6 11. Bc4 b5 12. Bb3 Bb7 13. Bg5 Rd7 14. Rc1 a5 15. 0-0 h6 16. Be3 a4 17. dxc6 Bxc6 18. Bd5 Bxd5 19. Rc8+ Kh7 20. exd5 Rxd5 21. Re8 e4 22. Nd4 Bxd4 23. Rd1 Re5 0-1

[Event "Oberliga Wuerttemberg 1516"]
[Site "Wuerttemberg"]
[Date "2015.11.15"]
[Round "3.8"]
[White "Huettig, Michael"]
[Black "Schwab, Matthias"]
[Result "1-0"]
[WhiteElo "2081"]
[BlackElo "2095"]
[PlyCount "125"]
[EventDate "2015.09.20"]
[EventType "team-tourn"]
[EventRounds "9"]
[EventCountry "GER"]
[SourceTitle "EXT 2019"]
[Source "ChessBase"]
[SourceDate "2018.10.10"]
[SourceVersion "1"]
[SourceVersionDate "2018.10.10"]
[SourceQuality "1"]
[WhiteTeam "Erdmannhausen"]
[BlackTeam "Boeblingen"]
[WhiteTeamCountry "GER"]
[BlackTeamCountry "GER"]

1. Nf3 Nf6 2. g3 d5 3. Bg2 c5 4. 0-0 Nc6 5. c4 d4 6. d3 e5 7. e3 Be7 8. exd4 exd4 9. Na3 0-0 10. Bf4 a6 11. Nc2 Bd6 12. Qd2 Bf5 13. Bxd6 Qxd6 14. Nh4 Bd7 15. f4 b5 16. cxb5 axb5 17. Nf3 Nd5 18. a3 Na5 19. Rae1 Nb3 20. Qf2 Rae8 21. Re5 f6 22. Rxe8 Rxe8 23. Re1 Rxe1+ 24. Qxe1 Qe7 25. Nfxd4 Qxe1+ 26. Nxe1 Nxd4 27. Bxd5+ Kf8 28. Kf2 Ke7 29. Nf3 Nc6 30. Nd2 Kd6 31. Bg8 Bf5 32. Ne4+ Bxe4 33. dxe4 h6 34. Ke3 c4 35. g4 g5 36. a4 c3 37. bxc3 bxa4 38. Bd5 a3 39. Ba2 Kc5 40. h3 Ne7 41. Kf3 Ng6 42. e5 fxe5 43. f5 Nf4 44. f6 Kd6 45. Ke4 Ne6 46. Kf5 Nf8 47. Bb3 Nd7 48. f7 Ke7 49. Ba2 Nc5 50. Kxe5 Nd3+ 51. Kf5 Nc1 52. Kg6 Kf8 53. Bc4 Ne2 54. Kxh6 Nxc3 55. Kxg5 a2 56. Bxa2 Nxa2 57. Kg6 Nb4 58. g5 Nd5 59. h4 Nf4+ 60. Kf5 Ng2 61. Kf6 Nf4 62. g6 Nd5+ 63. Kg5 1-0

[Event "Deizisau op 10th"]
[Site "Deizisau"]
[Date "2015.11.01"]
[Round "5"]
[White "Schwab, Matthias"]
[Black "Dorst, Johannes"]
[Result "1-0"]
[WhiteElo "2116"]
[BlackElo "2221"]
[PlyCount "107"]
[EventDate "2015.10.30"]
[EventType "swiss"]
[EventRounds "7"]
[EventCountry "GER"]
[SourceTitle "CBM 169 Extra"]
[Source "ChessBase"]
[SourceDate "2015.12.18"]
[SourceVersion "1"]
[SourceVersionDate "2015.12.18"]
[SourceQuality "1"]

1. d4 Nf6 2. c4 c5 3. d5 b5 4. cxb5 a6 5. b6 e6 6. Nc3 Nxd5 7. Nxd5 exd5 8. Qxd5 Nc6 9. Nf3 Rb8 10. Ne5 Qf6 11. Nxc6 dxc6 12. Qf3 Qxf3 13. exf3 Rxb6 14. b3 Be6 15. Be3 Bd6 16. Rc1 Ke7 17. Bc4 Bxc4 18. Rxc4 Rb5 19. 0-0 Ra8 20. Rd1 f5 21. Rc2 f4 22. Re2 fxe3 23. Rxe3+ Kd7 24. Red3 Kc7 25. Rxd6 Kb6 26. Rd7 Rg8 27. g4 c4 28. bxc4 Rb2 29. f4 Rxa2 30. Rb1+ Kc5 31. Rbb7 Re8 32. Rxg7 Ree2 33. Kg2 Rxf2+ 34. Kg3 Rg2+ 35. Kf3 h5 36. g5 Rxh2 37. Ke4 Ra4 38. Ke5 Rxc4 39. f5 Re2+ 40. Kf6 Rf4 41. Rge7 Ref2 42. Re5+ Kd6 43. g6 Rg4 44. Re6+ Kc5 45. Rc7 h4 46. Rexc6+ Kb5 47. Rc2 Rff4 48. Rb7+ Ka5 49. g7 h3 50. Rb8 Rg3 51. Ra2+ Ra4 52. Rxa4+ Kxa4 53. g8Q Rxg8 54. Rxg8 1-0

[Event "Forchheim op-A 14th"]
[Site "Forchheim"]
[Date "2015.10.04"]
[Round "4"]
[White "Weigert, Wilhelm"]
[Black "Schwab, Matthias"]
[Result "1/2-1/2"]
[WhiteElo "2037"]
[BlackElo "2107"]
[PlyCount "110"]
[EventDate "2015.10.02"]
[EventType "swiss"]
[EventRounds "5"]
[EventCountry "GER"]
[SourceTitle "EXT 2019"]
[Source "ChessBase"]
[SourceDate "2018.10.10"]
[SourceVersion "1"]
[SourceVersionDate "2018.10.10"]
[SourceQuality "1"]

1. c4 b6 2. Nc3 c5 3. Nf3 Bb7 4. d3 e6 5. e4 d6 6. Be2 Nf6 7. 0-0 Be7 8. h3 0-0 9. Bf4 Nc6 10. Qd2 Nd4 11. Bd1 Ne8 12. Be3 Bf6 13. Nh2 Nc6 14. f4 Bd4 15. Nf3 e5 16. f5 Nf6 17. Nd5 Nxd5 18. cxd5 Bxe3+ 19. Qxe3 Nd4 20. Nxd4 cxd4 21. Qd2 Rc8 22. f6 Kh8 23. fxg7+ Kxg7 24. Bg4 Rc7 25. Rf5 f6 26. Rh5 Kh8 27. Bf5 Rg8 28. Be6 Rg6 29. Bf5 Rg8 30. Qf2 Rg5 31. Qh4 Qg8 32. Kh1 Ba6 33. Rd1 Rxh5 34. Qxh5 Qf7 35. Qe2 Qg7 36. Kh2 Qg5 37. Qd2 Qxd2 38. Rxd2 Bb5 39. Kg3 Ba4 40. Bg4 Rc1 41. Be2 Kg7 42. Kh4 a5 43. g4 Bc2 44. g5 Bb1 45. a3 Rg1 46. gxf6+ Kxf6 47. Bg4 Rf1 48. Kg3 Rg1+ 49. Kf2 Rh1 50. Kg2 Re1 51. Be2 Kg5 52. Kg3 Rg1+ 53. Kf2 Rh1 54. Kg2 Rc1 55. Kg3 Rg1+ 1/2-1/2

[Event "Oberliga Wuerttemberg 1516"]
[Site "Wuerttemberg"]
[Date "2015.09.20"]
[Round "1.1"]
[White "Koppenhoefer, Bernhard"]
[Black "Schwab, Matthias"]
[Result "0-1"]
[WhiteElo "1945"]
[BlackElo "2095"]
[PlyCount "100"]
[EventDate "2015.09.20"]
[EventType "team-tourn"]
[EventRounds "9"]
[EventCountry "GER"]
[SourceTitle "EXT 2019"]
[Source "ChessBase"]
[SourceDate "2018.10.10"]
[SourceVersion "1"]
[SourceVersionDate "2018.10.10"]
[SourceQuality "1"]
[WhiteTeam "Bebenhausen"]
[BlackTeam "Boeblingen"]
[WhiteTeamCountry "GER"]
[BlackTeamCountry "GER"]

1. e3 Nf6 2. c4 c5 3. Nc3 g6 4. g3 d5 5. cxd5 Nxd5 6. Qb3 Nb4 7. Ne4 Bf5 8. d3 Bg7 9. a3 N4c6 10. Bd2 b6 11. Rd1 0-0 12. Bg2 Qc7 13. Bc3 e5 14. Ne2 Nd7 15. Qc2 Rac8 16. 0-0 Rfd8 17. Rb1 Nd4 18. Qd1 Nxe2+ 19. Qxe2 Nf6 20. Rbd1 Nd5 21. Be1 Nf6 22. Nxf6+ Bxf6 23. Bc3 Rd7 24. Be4 Bxe4 25. dxe4 Bg7 26. f4 Rcd8 27. Rxd7 Qxd7 28. fxe5 Qe6 29. Qa6 Qe7 30. Qc4 Rd7 31. Qa4 Rd3 32. Rd1 Rxd1+ 33. Qxd1 Bxe5 34. Qd5 Bxc3 35. bxc3 Kg7 36. e5 Qe6 37. c4 Qf5 38. Kg2 Qc2+ 39. Kh3 Qf5+ 40. Kg2 h5 41. h3 g5 42. e4 Qg6 43. Kf2 Qe6 44. Kg2 g4 45. h4 Qh6 46. Kf2 Qc1 47. e6 Qb2+ 48. Ke3 Qxa3+ 49. Kf4 Qf3+ 50. Kg5 Qf6+ 0-1

[Event "Reutlingen op 20th"]
[Site "Reutlingen"]
[Date "2015.05.25"]
[Round "7"]
[White "Zeller, Frank"]
[Black "Schwab, Matthias"]
[Result "1-0"]
[WhiteElo "2396"]
[BlackElo "2106"]
[PlyCount "39"]
[EventDate "2015.05.22"]
[EventType "swiss"]
[EventRounds "7"]
[EventCountry "GER"]
[SourceTitle "EXT 2016"]
[Source "ChessBase"]
[SourceDate "2015.10.08"]
[SourceVersion "1"]
[SourceVersionDate "2015.10.08"]
[SourceQuality "1"]

1. e4 e5 2. f4 d5 3. exd5 exf4 4. Nf3 Nf6 5. Nc3 Nxd5 6. Nxd5 Qxd5 7. d4 Bg4 8. Bxf4 Nc6 9. Bxc7 Rc8 10. Bg3 Bxf3 11. Qxf3 Qe6+ 12. Qe2 Qxe2+ 13. Kxe2 Nxd4+ 14. Kd2 Rxc2+ 15. Kd3 Bc5 16. b4 Bxb4 17. Kxd4 0-0 18. Bh4 g5 19. Bxg5 f6 20. Rc1 1-0

[Event "Ulm/Neu Ulm-ch"]
[Site "Ulm/Neu Ulm"]
[Date "2009.11.30"]
[Round "4"]
[White "Schwab, Matthias"]
[Black "Schaeufele, Joerg"]
[Result "1/2-1/2"]
[WhiteElo "2047"]
[BlackElo "1705"]
[PlyCount "36"]
[EventDate "2009.09.18"]
[EventType "swiss"]
[EventRounds "5"]
[EventCountry "GER"]
[SourceTitle "EXT 2011"]
[Source "ChessBase"]
[SourceDate "2010.11.26"]
[SourceVersion "1"]
[SourceVersionDate "2010.11.26"]
[SourceQuality "1"]

1. e4 e5 2. Nf3 Nf6 3. Bc4 Nc6 4. 0-0 Bc5 5. d4 Bxd4 6. Nxd4 Nxd4 7. f4 d6 8. fxe5 dxe5 9. Bg5 Be6 10. Bxe6 Nxe6 11. Qxd8+ Rxd8 12. Bxf6 gxf6 13. Nc3 c6 14. Rxf6 Ke7 15. Rf2 Rd4 16. Raf1 Rf8 17. Re2 Rfd8 18. Ref2 Rf8 1/2-1/2

[Event "Ulm/Neu Ulm-ch"]
[Site "Ulm/Neu Ulm"]
[Date "2009.09.18"]
[Round "1"]
[White "Kromer, Thomas"]
[Black "Schwab, Matthias"]
[Result "0-1"]
[WhiteElo "1675"]
[BlackElo "2047"]
[PlyCount "74"]
[EventDate "2009.09.18"]
[EventType "swiss"]
[EventRounds "5"]
[EventCountry "GER"]
[SourceTitle "EXT 2011"]
[Source "ChessBase"]
[SourceDate "2010.11.26"]
[SourceVersion "1"]
[SourceVersionDate "2010.11.26"]
[SourceQuality "1"]

1. d4 Nf6 2. c4 e6 3. Nc3 Bb4 4. Qc2 0-0 5. Bg5 h6 6. Bh4 c5 7. Nf3 Nc6 8. d5 Nd4 9. Nxd4 cxd4 10. a3 Be7 11. Ne4 Nxd5 12. Bxe7 Nxe7 13. Nd6 Nc6 14. g3 Qa5+ 15. Qd2 Qc5 16. Ne4 Qxc4 17. e3 dxe3 18. Qxe3 Qd4 19. Qxd4 Nxd4 20. Rd1 e5 21. Nd6 Nf3+ 22. Ke2 Nd4+ 23. Ke3 b6 24. Bg2 Rb8 25. f4 f6 26. Bd5+ Kh7 27. b4 g6 28. g4 Ba6 29. fxe5 fxe5 30. Ke4 Be2 31. Rc1 Bf3+ 32. Kxe5 Bxh1 33. Bxh1 Ne6 34. Bd5 Rf2 35. Bxe6 Re2+ 36. Ne4 Re8 37. Kd4 Rxe6 0-1

[Event "Ulm/Neu Ulm-ch"]
[Site "Ulm/Neu Ulm"]
[Date "2008.11.14"]
[Round "5"]
[White "Schwab, Matthias"]
[Black "Schulze, Andreas"]
[Result "0-1"]
[WhiteElo "2022"]
[BlackElo "2173"]
[PlyCount "84"]
[EventDate "2008.09.19"]
[EventType "swiss"]
[EventRounds "7"]
[EventCountry "GER"]
[SourceTitle "EXT 2011"]
[Source "ChessBase"]
[SourceDate "2010.11.26"]
[SourceVersion "1"]
[SourceVersionDate "2010.11.26"]
[SourceQuality "1"]

1. d4 Nf6 2. c4 g6 3. Nc3 d5 4. cxd5 Nxd5 5. e4 Nxc3 6. bxc3 Bg7 7. Bc4 c5 8. Ne2 0-0 9. 0-0 Nc6 10. Be3 Bg4 11. f3 cxd4 12. cxd4 Bd7 13. Rc1 Rc8 14. Qd2 Qa5 15. Qxa5 Nxa5 16. Bd3 b5 17. d5 a6 18. Nd4 e6 19. Kf2 exd5 20. exd5 Rfe8 21. Ne2 Bb2 22. Rxc8 Rxc8 23. Rb1 Ba3 24. Bf4 Nc4 25. g4 Nb6 26. d6 Bc5+ 27. Kg2 Nd5 28. Bg3 Ne3+ 29. Kh1 Nxg4 30. Be4 Nf2+ 31. Bxf2 Bxf2 32. Nf4 Kg7 33. Bb7 Rb8 34. Bxa6 Rb6 35. Nd3 Bd4 36. Rb4 Rxd6 37. Rxb5 Rxa6 38. Rd5 Bc6 39. Rxd4 Bxf3+ 40. Kg1 Rxa2 41. Ne5 Ra1+ 42. Kf2 Bd1 0-1